<?xml version="1.0" encoding="UTF-8"?>
<record
    xmlns:xsi="http://www.w3.org/2001/XMLSchema-instance"
    xsi:schemaLocation="http://www.loc.gov/MARC21/slim http://www.loc.gov/standards/marcxml/schema/MARC21slim.xsd"
    xmlns="http://www.loc.gov/MARC21/slim">

  <leader>00720nam a2200217 a 4500</leader>
  <controlfield tag="001">77750</controlfield>
  <controlfield tag="003">BD-RjUL</controlfield>
  <controlfield tag="005">20211209083022.0</controlfield>
  <controlfield tag="008">210101s1966    bg ||||| |||| 00| 0 eng d</controlfield>
  <datafield tag="035" ind1=" " ind2=" ">
    <subfield code="a">(BD-RjUL)77976</subfield>
  </datafield>
  <datafield tag="040" ind1=" " ind2=" ">
    <subfield code="a">BD-RjUL</subfield>
    <subfield code="b">eng</subfield>
    <subfield code="c">BD-RjUL</subfield>
  </datafield>
  <datafield tag="041" ind1=" " ind2=" ">
    <subfield code="a">ben</subfield>
  </datafield>
  <datafield tag="082" ind1=" " ind2=" ">
    <subfield code="2">23</subfield>
    <subfield code="a">891.443</subfield>
    <subfield code="b">RAC 1966</subfield>
  </datafield>
  <datafield tag="100" ind1=" " ind2=" ">
    <subfield code="a">&#x9B0;&#x9BE;&#x99C;&#x9BE;, &#x9B6;&#x9B0;&#x9C0;&#x9AB;</subfield>
    <subfield code="9">243277</subfield>
  </datafield>
  <datafield tag="245" ind1=" " ind2=" ">
    <subfield code="a">&#x99A;&#x9CB;&#x9B0;&#x9BE; &#x9AC;&#x9BE;&#x9B2;&#x9BF; /</subfield>
    <subfield code="c">&#x9B6;&#x9B0;&#x9C0;&#x9AB; &#x9B0;&#x9BE;&#x99C;&#x9BE;</subfield>
  </datafield>
  <datafield tag="260" ind1=" " ind2=" ">
    <subfield code="a">&#x99A;&#x99F;&#x9CD;&#x99F;&#x997;&#x9CD;&#x9B0;&#x9BE;&#x9AE; :</subfield>
    <subfield code="b">&#x995;&#x9CB;&#x9B9;&#x9BF;&#x9A8;&#x9C2;&#x9B0; &#x9B2;&#x9BE;&#x987;&#x9AC;&#x9CD;&#x9B0;&#x9C7;&#x9B0;&#x9C0;,</subfield>
    <subfield code="c">&#x9E7;&#x9EF;&#x9EC;&#x9EC;</subfield>
  </datafield>
  <datafield tag="300" ind1=" " ind2=" ">
    <subfield code="a">&#x9E7;&#x9E8;&#x9EB; &#x9AA;&#x9C3;&#x9C3;. ;</subfield>
    <subfield code="c">&#x9E8;&#x9E7; &#x9B8;&#x9C7;&#x9AE;&#x9BF;.</subfield>
  </datafield>
  <datafield tag="650" ind1=" " ind2=" ">
    <subfield code="a">&#x9AC;&#x9BE;&#x982;&#x9B2;&#x9BE; &#x99B;&#x9CB;&#x99F;&#x997;&#x9B2;&#x9CD;&#x9AA;</subfield>
    <subfield code="9">243278</subfield>
  </datafield>
  <datafield tag="650" ind1=" " ind2=" ">
    <subfield code="a"> Short Story</subfield>
    <subfield code="9">243279</subfield>
  </datafield>
  <datafield tag="942" ind1=" " ind2=" ">
    <subfield code="2">ddc</subfield>
    <subfield code="c">BK</subfield>
  </datafield>
  <datafield tag="999" ind1=" " ind2=" ">
    <subfield code="c">77750</subfield>
    <subfield code="d">77750</subfield>
  </datafield>
  <datafield tag="952" ind1=" " ind2=" ">
    <subfield code="0">0</subfield>
    <subfield code="1">0</subfield>
    <subfield code="2">ddc</subfield>
    <subfield code="4">0</subfield>
    <subfield code="7">1</subfield>
    <subfield code="8">NFIC</subfield>
    <subfield code="a">RUCL</subfield>
    <subfield code="b">RUCL</subfield>
    <subfield code="c">Reading</subfield>
    <subfield code="d">1967-02-10</subfield>
    <subfield code="e">Nawroge</subfield>
    <subfield code="g">2.75</subfield>
    <subfield code="l">0</subfield>
    <subfield code="o">B 891.443 RAC 1966</subfield>
    <subfield code="r">2021-01-05 00:00:00</subfield>
    <subfield code="t">C-1</subfield>
    <subfield code="w">2021-01-05</subfield>
    <subfield code="y">BK</subfield>
  </datafield>
  <datafield tag="952" ind1=" " ind2=" ">
    <subfield code="0">0</subfield>
    <subfield code="1">0</subfield>
    <subfield code="2">ddc</subfield>
    <subfield code="4">0</subfield>
    <subfield code="7">0</subfield>
    <subfield code="8">NFIC</subfield>
    <subfield code="a">RUCL</subfield>
    <subfield code="b">RUCL</subfield>
    <subfield code="c">Stack</subfield>
    <subfield code="d">1967-02-10</subfield>
    <subfield code="e">Nawroge</subfield>
    <subfield code="g">2.75</subfield>
    <subfield code="l">0</subfield>
    <subfield code="o">B 891.443 RAC 1966</subfield>
    <subfield code="r">2021-01-05 00:00:00</subfield>
    <subfield code="t">C-2</subfield>
    <subfield code="w">2021-01-05</subfield>
    <subfield code="y">BK</subfield>
  </datafield>
</record>
